LEADER 03002nam a2200589 i 4500 001 000000012812 003 CaOOAMICUS 005 20201201120631.0 008 180830s17661772it u000 u lat u 040 $aSeMil$bita 100 0 $aHieronymus,$c.$0(OLS)http://semarc/name/471 245 10$aSancti Eusebii Hieronymi ... Operum tomus primus pars prima [-undecimus pars tertia] post monachorum Ord. s. Bened. e Congreg. s. Mauri recensionem denuo ad mss. codices romanos, ambrosianos, veronenses ... castigatus ... studio ac labore Dominici Vallarsii ... 246 0 $iTitolo dell'occhietto, sul vol. 1$aSancti Eusebii Hieronymi Opera omnia in vigintiquatuortomos distributa 250 $aEditio altera. Ab ipso veronensi editore posterioribus curis aucta, & recognita. 264 1$aVenetiis :$bApud Guilelmum Zerletti,$c1766-1772. 300 $a11 v. ;$c4°. 500 $aVignetta calcogr. sui front. 500 $aTesto su due e tre colonne 500 $aVol. divisi in parti con proprio front. ma numerazione e segnatura continue ad eccez. dei vol. 9.1 e 11.3. 650 4$aGirolamo - Opere.$0(OLS)http://semarc/subject/382 700 1 $aZerletti, Guglielmo,$c.$0(OLS)http://semarc/name/6092 700 1 $aVallarsi, Domenico,$c.$0(OLS)http://semarc/name/89178 774 0 $tTomus 1. Pars 1.$w()225842 774 0 $tTomus 1. Pars 2.$w()225844 774 0 $tTomus 2. Pars 1.$w()225843 774 0 $tTomus 2. Pars 2.$w()225845 774 0 $tTomus 3. Pars 1.$w()225846 774 0 $tTomus 3. Pars 2.$w()225847 774 0 $tTomus 4. Pars 1.$w()225848 774 0 $tTomus 4. Pars 2.$w()225849 774 0 $tTomus 5. Pars 1.$w()225850 774 0 $tTomus 5. Pars 2.$w()225851 774 0 $tTomus 6. Pars 1.$w()225852 774 0 $tTomus 6. Pars 2.$w()225853 774 0 $tTomus 7. Pars 1.$w()225854 774 0 $tTomus 7. Pars 2.$w()225855 774 0 $tTomus 8. Pars 1.$w()225856 774 0 $tTomus 8. Pars 2.$w()225857 774 0 $tTomus 9. Pars 1.$w()225858 774 0 $tTomus 9. Pars 2.$w()225859 774 0 $tTomus 9. Pars 3.$w()225861 774 0 $tTomus 10. Pars 1.$w()225862 774 0 $tTomus 10. Pars 2.$w()225863 774 0 $tTomus 11. Pars 1.$w()225864 774 0 $tTomus 11. Pars 2.$w()225866 774 0 $tTomus 11. Pars 3.$w()225867 900 0 $aGirolamo$c. 996 $6245$aSancti Eusebii Hieronymi ... Operum tomus primus pars prima [-undecimus pars tertia] post monachorum Ord. s. Bened. e Congreg. s. Mauri recensionem denuo ad mss. codices romanos, ambrosianos, veronenses ... castigatus ... studio ac labore Dominici Vallarsii ...$9(OLS)http://semarc/title/17063 996 $6246$aSancti Eusebii Hieronymi Opera omnia in vigintiquatuortomos distributa$9(OLS)http://semarc/title/432176 996 $6264$aVenetiis :$bApud Guilelmum Zerletti$9(OLS)http://semarc/publisher/33536 LEADER 01198nam a2200265 i 4500 001 000000099250 003 CaOOAMICUS 005 20171024000000.0 008 171024s2017 it u000 u ita u 013 $a71402 020 $a978-88-98639-55-7 040 $aSeMil$bita 100 1 $aCagnoni, Vittorio,$d<1946- >.$0(OLS)http://semarc/name/92591 245 10$aKelly :$bGiulio Cesare Uccellini : il "Bad Boy" dello Scautismo Italiano /$cVittorio Cagnoni. 260 $aBelluno :$bTipi,$c2017. 300 $a287 p. :$briccamente ill. ;$c23 cm. 500 $aIn testa al front.: Ente e Fondazione Mons. Andrea Ghetti - Baden. 600 14$aUccellini, Giulio Cesare, Kelly <1904-1957>.$0(OLS)http://semarc/subject/45859 650 4$aScoutismo - Italia.$0(OLS)http://semarc/subject/20890 850 $aSeMil 852 $aSeMil$W1$xVenegono$y1$m3J VI 76$j56823$B56823$CSeMilBibl$Z2$F66761 $81 961 $aOmaggio: Bressan don Luca 996 $6020$a978-88-98639-55-7$9(OLS)http://semarc/number/272334 996 $6245$aKelly :$bGiulio Cesare Uccellini : il "Bad Boy" dello Scautismo Italiano$9(OLS)http://semarc/title/406450 996 $6260$aBelluno :$bTipi$9(OLS)http://semarc/publisher/56904